00233nam a22000737a 4500003000400000245006100004260008100065300001300146SGT aInternational Journal of Oral and maxillofacial Surgery bInternational Association of Oral and Maxillofacial Surgeons (IAOMS). c2021 a849,1652